| 000 | 00858cam a22002537a 4500 | ||
|---|---|---|---|
| 999 |
_c4831 _d4831 |
||
| 001 | 1605033 | ||
| 003 | OSt | ||
| 005 | 20181214202402.0 | ||
| 008 | 940602s1993 tnu 000 0 eng | ||
| 010 | _a 94166294 | ||
| 020 | _a0840784309 | ||
| 040 |
_aDLC _cDLC _dDLC |
||
| 050 | 0 | 0 | _aMLCS 94/7650 (B) |
| 082 |
_a248.4 _bH418G |
||
| 100 | 1 | _aHayford, Jack W. | |
| 245 | 1 | 0 |
_aGod's way to wholeness : _bdivine healing by the power of the Holy Spirit / _cJack W. Hayford ; with Nathaniel Van Cleave. |
| 260 |
_aNashville, Tenn. : _bT. Nelson, _cc1993. |
||
| 300 |
_a160 p. ; _c22 cm. |
||
| 490 | 0 | _aThe spirit-filled life kingdom dynamics study guides | |
| 856 | 4 | 2 |
_3Publisher description _uhttp://www.loc.gov/catdir/enhancements/fy0609/94166294-d.html |
| 906 |
_a7 _bcbc _corignew _du _encip _f19 _gy-gencatlg |
||
| 942 |
_2ddc _cBK |
||